[Event "Sant Boi Chalmeta Memorial op 23th"]
[Site "Sant Boi de Llobregat"]
[Date "2011.04.29"]
[Round "1.4"]
[White "Miquel Grasses, Josep"]
[Black "Lorenzo de la Riva, Lazaro"]
[Result "0-1"]
[WhiteElo "1820"]
[BlackElo "2378"]
[PlyCount "46"]
[EventDate "2011.04.29"]
[EventType "swiss"]
[EventRounds "8"]
[EventCountry "ESP"]
[SourceTitle "EXT 2024"]
[Source "ChessBase"]
[SourceDate "2023.10.10"]
[SourceVersion "1"]
[SourceVersionDate "2023.10.10"]
[SourceQuality "1"]

1. d4 Nf6 2. Nf3 g6 3. Nc3 Bg7 4. e3 0-0 5. Bd3 d6 6. h3 Re8 7. Bd2 e5 8. 0-0 e4 9. Be2 exf3 10. Bxf3 d5 11. Re1 c6 12. Ne2 Ne4 13. Bxe4 Rxe4 14. Ng3 Re8 15. c3 Nd7 16. Qc2 Nf6 17. b3 Ne4 18. Nxe4 Rxe4 19. f3 Re8 20. c4 Qh4 21. cxd5 Bf5 22. Qc1 cxd5 23. Rd1 Bh6 0-1